[Event "34. Bayerische Senioren EM"]
[Site "Bergen im Chiemgau"]
[Date "2024.05.29"]
[Round "2.33"]
[White "Desoye, Gernot"]
[Black "Rogun, Ulrich"]
[Result "1/2-1/2"]
[BlackElo "1770"]
[BlackTeam "FC Bayern München"]
[EventDate "2024.??.??"]
[PlyCount "45"]
[WhiteElo "1887"]
[WhiteTeam "SF Graz AT"]

1. d4 Nf6 2. c4 e6 3. Nc3 d5 4. cxd5 exd5 5. Bg5 Be7 6. e3 O-O 7. Bd3 Nbd7 8.
Nf3 b6 9. O-O Bb7 10. Rc1 a6 11. Qe2 c5 12. dxc5 bxc5 13. Rfd1 Re8 14. Qc2 Qc7
15. Bf4 Qd8 16. Ne5 Nf8 17. Be2 Ne6 18. Bg3 Bd6 19. Nf3 Bxg3 20. hxg3 Qe7 21.
Bf1 Rad8 22. Qa4 Rd6 23. Qb3  1/2-1/2

[Event "34. Bayerische Senioren EM"]
[Site "Bergen im Chiemgau"]
[Date "2024.05.29"]
[Round "2.34"]
[White "Küspert, Erwin"]
[Black "Waltner, Herbert"]
[Result "1-0"]
[BlackElo "1749"]
[BlackTeam "SV Steinhausen"]
[EventDate "2024.??.??"]
[PlyCount "85"]
[WhiteElo "1884"]
[WhiteTeam "DJK-SV Schaibing"]

1. d4 d5 2. Nf3 Nf6 3. e3 Bf5 4. c4 c6 5. Nc3 e6 6. Qb3 Qc7 7. cxd5 exd5 8. Bd2
Nbd7 9. Rc1 Qb6 10. Ne5 Qxb3 11. axb3 Nxe5 12. dxe5 Ne4 13. Nxe4 Bxe4 14. f3
Bg6 15. g4 h5 16. g5 Be7 17. h4 Bf5 18. Bc3 Be6 19. b4 O-O 20. Bh3 b6 21. Bxe6
fxe6 22. Ke2 g6 23. Ra1 a6 24. Ra2 Ra7 25. Rha1 Rfa8 26. Kd3 c5 27. bxc5 Bxc5
28. b4 Be7 29. Bd4 Bd8 30. Rc1 Rc7 31. Rxc7 Bxc7 32. Rc2 Ra7 33. Rc6 Kf7 34.
Bxb6 Bxb6 35. Rxb6 a5 36. b5 a4 37. Kc2 a3 38. Kb1 Ra4 39. Rb7+ Kf8 40. b6 Rb4+
41. Ka2 Ra4 42. Ra7 Rb4 43. b7  1-0

[Event "34. Bayerische Senioren EM"]
[Site "Bergen im Chiemgau"]
[Date "2024.05.29"]
[Round "2.35"]
[White "Lindner, Helmut"]
[Black "Chochoy, Patrick"]
[Result "1/2-1/2"]
[BlackElo "1729"]
[BlackTeam "Franconville"]
[EventDate "2024.??.??"]
[PlyCount "29"]
[WhiteElo "1876"]
[WhiteTeam "SC Prichsenstadt"]

1. e4 c5 2. Nc3 Nc6 3. f4 g6 4. Nf3 Bg7 5. Bb5 Nd4 6. O-O Nxb5 7. Nxb5 d5 8.
exd5 a6 9. Nc3 Nf6 10. d3 Nxd5 11. Nxd5 Qxd5 12. c3 b5 13. Be3 Bf5 14. d4 c4
15. Rf2  1/2-1/2

[Event "34. Bayerische Senioren EM"]
[Site "Bergen im Chiemgau"]
[Date "2024.05.29"]
[Round "2.36"]
[White "Thonig, Manfred"]
[Black "Stephan, Hubert"]
[Result "0-1"]
[BlackElo "1878"]
[BlackTeam "SC Prien"]
[Time "09:30:00"]
[PlyCount "97"]
[WhiteElo "1726"]
[WhiteTeam "SC Wolfratshausen"]

1. f4 d5 2. Nf3 Nf6 3. e3 Nc6 4. Be2 Bf5 5. O-O e6 6. Bb5 Bc5 7. Ne5 Qd6 8. d4
Bb6 9. b3 a6 10. Ba3 Qd8 11. Nxc6 Qd7 12. Ne5 Qxb5 13. g4 Be4 14. g5 Nd7 15. c4
dxc4 16. Nc3 Qa5 17. Bb2 Nxe5 18. fxe5 Bf5 19. bxc4 O-O 20. e4 Bg6 21. c5 Ba7
22. h4 Qb4 23. Rf2 Rad8 24. Rd2 Rxd4 25. Rxd4 Bxc5 26. Ne2 Bh5 27. Kh2 Bxe2 28.
Rxb4 Bxd1 29. Rc4 Rd8 30. Bc3 b6 31. Bb4 Be2 32. Rc2 Bd4 33. Re1 Bxe5+ 34. Kg2
Bb5 35. a3 c5 36. Bd2 Ba4 37. Rec1 Bxc2 38. Rxc2 Kf8 39. a4 Rd4 40. a5 b5 41.
Kf3 Rd3+ 42. Be3 Bd4 43. Re2 Ke7 44. Kf2 Bxe3+ 45. Rxe3 Rxe3 46. Kxe3 Kd6 47.
Kd3 Ke5 48. Ke3 c4 49. h5  0-1

[Event "34. Bayerische Senioren EM"]
[Site "Bergen im Chiemgau"]
[Date "2024.05.29"]
[Round "2.37"]
[White "Puhrer, Achim"]
[Black "Königl, Anton"]
[Result "1/2-1/2"]
[BlackElo "1875"]
[BlackTeam "FC Ergolding"]
[Time "09:30:00"]
[PlyCount "61"]
[WhiteElo "1707"]
[WhiteTeam "SF Hoffenheim"]

1. c4 Nf6 2. g3 g6 3. Bg2 Bg7 4. Nc3 c6 5. e4 d6 6. Nge2 Qc7 7. O-O O-O 8. h3 a6
9. a4 Nbd7 10. d3 b6 11. Be3 Bb7 12. Rc1 Rac8 13. f4 e6 14. Qd2 Nc5 15. Qc2 Qe7
16. b4 Ncd7 17. Qb3 Rfd8 18. Kh2 Ba8 19. Bg1 Rb8 20. f5 c5 21. b5 a5 22. d4
exf5 23. exf5 Bxg2 24. Kxg2 Bh6 25. Nf4 Bxf4 26. Rxf4 g5 27. Rff1 cxd4 28. Bxd4
Ne5 29. Nd5 Qb7 30. Kh2 Nxd5 31. cxd5  1/2-1/2

[Event "34. Bayerische Senioren EM"]
[Site "Bergen im Chiemgau"]
[Date "2024.05.29"]
[Round "2.38"]
[White "Krause, Marianne"]
[Black "Heiler, Karl"]
[Result "0-1"]
[BlackElo "1869"]
[BlackTeam "TG Bad Waldsee 1848"]
[Time "09:30:00"]
[PlyCount "102"]
[WhiteElo "1693"]
[WhiteTeam "SK Freilassing"]

1. d4 d6 2. Nf3 Nf6 3. Nbd2 Nbd7 4. e4 e5 5. Bc4 Be7 6. O-O O-O 7. b3 exd4 8.
Nxd4 Ne5 9. Be2 Re8 10. Bb2 Bf8 11. c4 Ng6 12. Qc2 Ng4 13. Rad1 a6 14. h3 N4e5
15. N4f3 Nf4 16. Rfe1 Nxe2+ 17. Rxe2 Ng6 18. Nf1 b6 19. N1h2 Qe7 20. Rde1 Nf4
21. Re3 Bb7 22. Ng4 h5 23. Ngh2 Qe6 24. Nh4 Ng6 25. Nf5 Ne5 26. f4 Ng6 27. g3
Rad8 28. Nf3 f6 29. Kh2 Kh7 30. N3d4 Qd7 31. Nf3 Bc8 32. Ng1 a5 33. Qe2 Qf7 34.
Qxh5+ Kg8 35. Qf3 Ne7 36. Nxe7+ Rxe7 37. g4 Bb7 38. Qe2 Rde8 39. Nf3 g6 40. Kg3
Rxe4 41. Rxe4 Rxe4 42. Qd2 Qe6 43. Bc3 Kf7 44. g5 f5 45. Kf2 a4 46. Re3 d5 47.
cxd5 Bxd5 48. bxa4 Bd6 49. Nd4 Rxf4+ 50. Nf3 Bc5 51. Be5 Qxe5  0-1

[Event "34. Bayerische Senioren EM"]
[Site "Bergen im Chiemgau"]
[Date "2024.05.29"]
[Round "2.39"]
[White "Niedermaier, Peter"]
[Black "Krause, Helmut"]
[Result "0-1"]
[BlackElo "1695"]
[BlackTeam "SK Freilassing"]
[Time "09:30:00"]
[PlyCount "120"]
[WhiteElo "1864"]
[WhiteTeam "SU Ebersberg-Grafing"]

1. e4 c5 2. Nf3 d6 3. d4 cxd4 4. Nxd4 Nf6 5. Nc3 g6 6. Be2 Bg7 7. Be3 Nc6 8. O-O
O-O 9. a3 a6 10. Rb1 Bd7 11. Qd2 Qc7 12. f3 Rac8 13. Kh1 Ne5 14. Nb3 Be6 15.
Nd4 Bc4 16. Qd1 Bxe2 17. Ndxe2 Nc4 18. Bc1 Rfd8 19. Qe1 e6 20. Qf2 d5 21. exd5
Nxd5 22. Nxd5 Rxd5 23. Nf4 Rd7 24. Nd3 Ne5 25. Nxe5 Bxe5 26. c3 Bf4 27. Bxf4
Qxf4 28. g3 Qd2 29. Qxd2 Rxd2 30. Rfd1 Rcd8 31. Rxd2 Rxd2 32. f4 Rc2 33. h4 h5
34. c4 Rxc4 35. Rg1 Rc2 36. Rg2 Rxg2 37. Kxg2 Kg7 38. Kf3 Kf6 39. Ke4 Ke7 40.
Kd4 Kd6 41. a4 a5 42. b3 f6 43. Kc4 Kc6 44. b4 axb4 45. Kxb4 e5 46. fxe5 fxe5
47. Kc4 b6 48. Kb4 e4 49. Kc4 e3 50. Kd3 e2 51. Kxe2 Kc5 52. Kf3 Kb4 53. Kf4
Kxa4 54. Kg5 b5 55. Kxg6 b4 56. Kxh5 b3 57. g4 b2 58. g5 b1=Q 59. Kh6 Qb4 60.
h5 Qf8+  0-1

[Event "34. Bayerische Senioren EM"]
[Site "Bergen im Chiemgau"]
[Date "2024.05.29"]
[Round "2.40"]
[White "Seibold, Günther"]
[Black "Mitschka, Manfred"]
[Result "0-1"]
[BlackElo "1857"]
[BlackTeam "SK Neuburg"]
[EventDate "2024.??.??"]
[PlyCount "84"]
[WhiteElo "1688"]
[WhiteTeam "SG Traunstein/Traunreut"]

1. c4 b6 2. Nf3 e6 3. Nc3 Bb7 4. g3 Bb4 5. Bg2 Nf6 6. O-O Bxc3 7. bxc3 O-O 8. d3
d6 9. Re1 Nbd7 10. e4 e5 11. Bg5 h6 12. Bc1 Nc5 13. Qc2 Qe7 14. Ba3 Rfe8 15.
Rab1 Rad8 16. Rbd1 Bc6 17. Bxc5 bxc5 18. a4 Qd7 19. Ra1 a5 20. Nd2 Rb8 21. Nf1
Rb6 22. Reb1 Reb8 23. Ne3 Qc8 24. Nd5 Nxd5 25. exd5 Bd7 26. Rc1 Bg4 27. f3 Rb2
28. Qd1 Bd7 29. Rcb1 Qb7 30. Rc1 c6 31. Qf1 cxd5 32. cxd5 Qxd5 33. f4 Qe6 34.
Re1 Rd2 35. Rad1 Rxd1 36. Rxd1 exf4 37. Re1 Qf6 38. Qxf4 Qxf4 39. gxf4 Bxa4 40.
Ra1 Bc2 41. Be4 Rb1+ 42. Rxb1 Bxb1  0-1

[Event "34. Bayerische Senioren EM"]
[Site "Bergen im Chiemgau"]
[Date "2024.05.29"]
[Round "2.41"]
[White "Loibl, Johann"]
[Black "Mahrla, Hans"]
[Result "1-0"]
[BlackElo "1689"]
[BlackTeam "SC Eichenau"]
[EventDate "2024.??.??"]
[PlyCount "35"]
[WhiteElo "1841"]
[WhiteTeam "ÖSTERREICH"]

1. e4 e6 2. Qe2 Be7 3. Nf3 b6 4. g3 Bb7 5. Bg2 c5 6. d3 Nc6 7. O-O d6 8. Be3 e5
9. c3 Nf6 10. Nfd2 O-O 11. f4 d5 12. fxe5 Nxe5 13. d4 cxd4 14. cxd4 Neg4 15. e5
Nxe3 16. exf6 Nxf1 17. fxe7 Nxg3 18. hxg3  1-0

[Event "34. Bayerische Senioren EM"]
[Site "Bergen im Chiemgau"]
[Date "2024.05.29"]
[Round "2.42"]
[White "Langer, Raimund"]
[Black "Stronk, Klaus"]
[Result "1-0"]
[BlackElo "1836"]
[BlackTeam "SK Freilassing"]
[EventDate "2024.??.??"]
[PlyCount "65"]
[WhiteElo "1665"]
[WhiteTeam "SF Kirchhellen 50/72"]

1. e4 c5 2. Nf3 a6 3. c4 b6 4. Nc3 e6 5. d4 cxd4 6. Nxd4 Bb7 7. Bd3 Qc7 8. O-O
Nf6 9. h3 Be7 10. Qe2 d6 11. b4 Nbd7 12. f4 O-O 13. Bb2 e5 14. Nf5 Bd8 15. Nd5
Nxd5 16. cxd5 Nf6 17. Rac1 Qb8 18. fxe5 dxe5 19. Qf3 b5 20. Qg3 Nh5 21. Qg4 g6
22. d6 Bb6+ 23. Kh1 Bd4 24. Bxd4 exd4 25. e5 Qe8 26. Ne7+ Kh8 27. Qxd4 Ng7 28.
Qf4 Bc8 29. Bxg6 Be6 30. Be4 f5 31. exf6 Nh5 32. Qh6 Qf7 33. Bg6  1-0

[Event "34. Bayerische Senioren EM"]
[Site "Bergen im Chiemgau"]
[Date "2024.05.29"]
[Round "2.43"]
[White "Harke, Horst"]
[Black "Dreiseitel, Ursula"]
[Result "0-1"]
[BlackElo "1668"]
[BlackTeam "SW Nürnberg Süd"]
[Time "09:30:00"]
[PlyCount "154"]
[WhiteElo "1830"]
[WhiteTeam "SK Varel"]

1. d4 d5 2. c4 c6 3. e3 Bf5 4. Nc3 Nf6 5. Nf3 e6 6. Be2 Bb4 7. Bd2 O-O 8. O-O
Nbd7 9. Rc1 Re8 10. cxd5 exd5 11. a3 Bxc3 12. Bxc3 Ne4 13. b4 Nxc3 14. Rxc3 Nf6
15. Rc1 Ne4 16. Ne5 f6 17. Nd3 a6 18. Bh5 g6 19. Be2 Re7 20. Re1 Qc7 21. Bg4
Qd7 22. Bxf5 Qxf5 23. f3 Nd6 24. g4 Qd7 25. Nc5 Qc7 26. e4 Rae8 27. Qb3 Kh8 28.
Qb1 dxe4 29. Nxe4 Nxe4 30. Rxe4 Rxe4 31. fxe4 Qf4 32. Re1 Qxg4+ 33. Kh1 Qf3+
34. Kg1 Qxa3 35. e5 fxe5 36. dxe5 Qc3 37. Qe4 Re6 38. Re3 Qa1+ 39. Kg2 Qa2+ 40.
Kg3 Qd5 41. Qf4 Kg7 42. h4 h5 43. Kh3 b6 44. Rf3 Re8 45. Qf6+ Kh7 46. Re3 Qe6+
47. Qxe6 Rxe6 48. Kg3 Kg7 49. Kf4 c5 50. bxc5 bxc5 51. Ke4 Rc6 52. Kd5 Rc8 53.
e6 Kf8 54. Kd6 Rd8+ 55. Kxc5 Ke7 56. Ra3 Rd6 57. Rb3 Kxe6 58. Rg3 Rd5+ 59. Kc6
Rd6+ 60. Kc5 Kd7 61. Rf3 Rc6+ 62. Kd5 Kc7 63. Rb3 Rd6+ 64. Kc5 Rf6 65. Ra3 Rf5+
66. Kb4 Rf4+ 67. Ka5 Rf6 68. Rc3+ Kd7 69. Re3 Re6 70. Rb3 Ke7 71. Rf3 Rf6 72.
Re3+ Kf7 73. Re4 Kg7 74. Re8 Rf4 75. Kxa6 Rxh4 76. Kb5 Rd4 77. Kc5 Rd1  0-1

[Event "34. Bayerische Senioren EM"]
[Site "Bergen im Chiemgau"]
[Date "2024.05.29"]
[Round "2.44"]
[White "Trattner, Alfred"]
[Black "Elbert, Helmut"]
[Result "1-0"]
[BlackElo "1658"]
[BlackTeam "SC-SF 1957 Stockstadt"]
[EventDate "2024.??.??"]
[PlyCount "39"]
[WhiteElo "1808"]
[WhiteTeam "SV Holz Dohr Semriach"]

1. d4 d5 2. e3 e6 3. Bd3 Nf6 4. f4 c5 5. c3 Nc6 6. Nf3 Bd6 7. Nbd2 a6 8. Ne5
cxd4 9. exd4 O-O 10. O-O Bxe5 11. fxe5 Nd7 12. Qh5 g6 13. Qh6 Ne7 14. Nf3 f6
15. Qh3 Nf5 16. exf6 Nxf6 17. Ne5 Nd7 18. Bf4 Nf6 19. g4 Nd6 20. Bxg6  1-0

[Event "34. Bayerische Senioren EM"]
[Site "Bergen im Chiemgau"]
[Date "2024.05.29"]
[Round "2.45"]
[White "Schießl, Hanns"]
[Black "Frey, Peter"]
[Result "1-0"]
[BlackElo "1789"]
[BlackTeam "SG Traunstein/Traunreut"]
[Time "09:30:00"]
[PlyCount "62"]
[WhiteElo "1663"]
[WhiteTeam "FVS ASP Hoyerswerda"]

1. e4 Nc6 2. Nf3 Nf6 3. e5 Ng4 4. d4 d6 5. h3 Nh6 6. Bb5 Bd7 7. Bxc6 Bxc6 8. d5
Bb5 9. b3 dxe5 10. Nxe5 Qd6 11. Bf4 Qb4+ 12. Qd2 Qe4+ 13. Qe3 Qxd5 14. Nc3 Qxg2
15. O-O-O Bc6 16. Bxh6 gxh6 17. Rhg1 Qh2 18. Nxc6 bxc6 19. Qd4 f6 20. Qd7+ Kf7
21. Qxc6 Qf4+ 22. Kb1 Bg7 23. Rde1 Qd6 24. Qc4+ e6 25. Rg3 f5 26. Rd3 Qe7 27.
Nd5 Qd8 28. Nxc7 Qf6 29. Rd7+ Kg8 30. Qxe6+ Qxe6 31. Nxe6 Bf6  1-0

[Event "34. Bayerische Senioren EM"]
[Site "Bergen im Chiemgau"]
[Date "2024.05.29"]
[Round "2.46"]
[White "Paul, Ernst"]
[Black "Scheler, Heinz"]
[Result "1-0"]
[BlackElo "1638"]
[BlackTeam "SC Heilsbronn"]
[EventDate "2024.??.??"]
[PlyCount "78"]
[WhiteElo "1781"]
[WhiteTeam "ASV J'Adoube Grassau"]

1. c4 e5 2. g3 Qf6 3. Nc3 Qc6 4. e4 Nf6 5. d3 Bc5 6. Be3 d6 7. Bxc5 Qxc5 8. h3
Nc6 9. a3 h5 10. b4 Qd4 11. Nge2 Qb6 12. Na4 Qa6 13. Bg2 Bd7 14. Nac3 Nd4 15.
Nxd4 exd4 16. Nd5 Nxd5 17. cxd5 O-O-O 18. Qc2 Ba4 19. Qc4 Qb6 20. O-O g5 21. f4
Bb5 22. Qb3 Qa6 23. a4 Bxd3 24. b5 Qb6 25. Qxd3 a5 26. bxa6 bxa6 27. Rfb1 Qa7
28. f5 Rd7 29. Bf1 Re7 30. Qxa6+ Qxa6 31. Bxa6+ Kd7 32. Bb5+ Kd8 33. Bd3 Kc8
34. Rb4 Rd8 35. Rxd4 Re5 36. Rb4 Kd7 37. Rab1 Ree8 38. Bb5+ Ke7 39. Bxe8 Rxe8 
1-0

[Event "34. Bayerische Senioren EM"]
[Site "Bergen im Chiemgau"]
[Date "2024.05.30"]
[Round "3.1"]
[White "Djikstra; M"]
[Black "Röder, Frank"]
[Result "1-0"]
[WhiteElo "1969"]
[BlackElo "2279"]
[PlyCount "105"]
[EventDate "2024.??.??"]
[WhiteTeam "SV Dubbenschaak"]
[BlackTeam "SV Altensittenbach"]

{[%evp 0,105,40,-7,33,30,13,12,35,19,15,29,32,18,20,14,33,-1,-17,-6,4,6,0,-36,
-32,-21,-32,-17,-12,-28,-12,-32,17,-10,0,7,0,0,6,9,8,25,29,17,83,85,87,92,110,
88,152,163,216,225,224,169,169,212,221,131,173,114,129,108,156,96,223,234,220,
247,248,248,269,276,292,278,299,297,327,328,328,338,398,402,426,380,402,334,
370,389,401,401,418,475,448,475,520,530,562,586,628,705,715,757,822,969,1002,
949]} 1. c4 c6 2. e4 d5 3. exd5 cxd5 4. d4 Nf6 5. Nc3 Nc6 6. cxd5 Nxd5 7. Nf3
Bg4 8. Be2 e6 9. O-O Be7 10. Qb3 O-O 11. Nxd5 Qxd5 12. Qxd5 exd5 13. h3 Bh5 14.
Rd1 Rad8 15. Bf4 h6 16. Rac1 Bf6 17. g4 Bg6 18. Ne5 Bxe5 19. Bxe5 Rfe8 20. Bb5
Nxe5 21. Bxe8 Nf3+ 22. Kg2 Be4 23. Ba4 Nxd4+ 24. Kh2 Ne2 25. Rc7 f5 26. Rd2 Nf4
27. Bd7 fxg4 28. hxg4 Rf8 29. Rc8 b6 30. f3 Bb1 31. b4 g5 32. a3 Kg7 33. Rxf8
Kxf8 34. Bc6 Ke7 35. Bxd5 Kf6 36. Bc4 Ke7 37. Kg3 Bg6 38. Bb5 Ke6 39. Rd8 Ke5
40. Ra8 Nd5 41. Rxa7 Nc3 42. Bc4 Kd4 43. Bf7 Bc2 44. Rd7+ Ke3 45. Re7+ Kd2 46.
Re6 b5 47. Rxh6 Nb1 48. Rd6+ Ke3 49. Rc6 Bd3 50. Bg6 Bxg6 51. Rxg6 Nxa3 52.
Rxg5 Kd4 53. Rc5 1-0

[Event "34. Bayerische Senioren EM"]
[Site "Bergen im Chiemgau"]
[Date "2024.05.30"]
[Round "3.2"]
[White "Himmel, Hansjörg"]
[Black "Hartlieb, Jürgen"]
[Result "1/2-1/2"]
[BlackElo "1983"]
[BlackTeam "SC Grunbach"]
[EventDate "2024.??.??"]
[PlyCount "36"]
[WhiteElo "2189"]
[WhiteTeam "SV Kamen"]

1. e4 g6 2. d4 Bg7 3. Nc3 d6 4. Be3 a6 5. Qd2 b5 6. Bd3 Bb7 7. a4 b4 8. Nce2 a5
9. c3 bxc3 10. bxc3 Nd7 11. Nh3 Ngf6 12. f3 O-O 13. O-O c5 14. Rab1 Qc7 15. Bh6
Ba6 16. Bxg7 Kxg7 17. Bxa6 Rxa6 18. d5 Rb8  1/2-1/2

[Event "34. Bayerische Senioren EM"]
[Site "Bergen im Chiemgau"]
[Date "2024.05.30"]
[Round "3.3"]
[White "Schrems, Hermann"]
[Black "Biller, Helmut"]
[Result "1-0"]
[WhiteElo "2069"]
[BlackElo "1971"]
[PlyCount "85"]
[EventDate "2024.??.??"]
[WhiteTeam "SC Emmendingen"]
[BlackTeam "SF Frankfurt"]

{[%evp 0,85,40,18,27,27,24,-7,14,0,18,16,16,13,16,-2,5,15,2,-8,-8,9,24,20,10,
-2,-3,0,-7,0,10,-9,1,1,1,0,-2,11,15,46,41,-17,49,47,59,59,62,52,75,67,70,59,61,
67,73,67,66,39,121,99,99,101,147,144,155,147,166,160,162,156,150,144,150,137,
141,141,128,131,159,172,182,210,249,258,331,248,406,428]} 1. d4 Nf6 2. Nf3 d5
3. g3 e6 4. Bg2 Be7 5. O-O O-O 6. c4 Nbd7 7. Qc2 c6 8. Nbd2 b6 9. e4 Bb7 10. e5
Ne8 11. Rd1 Rc8 12. b3 c5 13. dxc5 Bxc5 14. Nf1 h6 15. Qd2 Qe7 16. cxd5 Bxd5
17. Bb2 Nc7 18. Ne3 Rfd8 19. Nxd5 Nxd5 20. Qe2 Nf8 21. Nd2 Qc7 22. Rac1 Qb8 23.
a3 Be7 24. h4 Rxc1 25. Rxc1 Rc8 26. Rxc8 Qxc8 27. Qc4 Qxc4 28. Nxc4 h5 29. Bf3
g6 30. b4 Nh7 31. Bxd5 exd5 32. Ne3 b5 33. Nxd5 Bd8 34. Bd4 a6 35. Kg2 Kf8 36.
Kf3 Ke8 37. Ke4 Nf8 38. Bb6 Ne6 39. Bxd8 Kxd8 40. Nf4 Nf8 41. Kd5 Kd7 42. f3
Kc7 43. e6 1-0

[Event "34. Bayerische Senioren EM"]
[Site "Bergen im Chiemgau"]
[Date "2024.05.30"]
[Round "3.4"]
[White "Kneutgen, Alexander"]
[Black "Döserich, Jürgen"]
[Result "1/2-1/2"]
[WhiteElo "2038"]
[BlackElo "1943"]
[PlyCount "69"]
[EventDate "2024.??.??"]
[WhiteTeam "SG Niederkassel"]
[BlackTeam "SP Freiburg"]

{[%evp 0,69,32,21,14,-7,16,12,19,17,33,21,22,16,17,3,-23,-23,-16,-21,-27,-30,
-33,-33,-26,-26,-34,-38,-28,-43,-2,-36,15,27,39,-50,26,-30,-21,-94,-89,-89,0,
-50,140,70,89,110,108,0,19,21,202,193,191,125,337,-181,-166,-163,-143,-143,
-132,-250,-250,-250,-250,-250,-270,-323,-270,-270]} 1. Nf3 d5 2. g3 g6 3. Bg2
Bg7 4. d4 c6 5. O-O Nf6 6. c4 dxc4 7. Na3 b5 8. Ne5 Nd5 9. Nc2 Bb7 10. e4 Nb6
11. f4 O-O 12. Be3 N8d7 13. Qe2 Qc7 14. Ng4 c5 15. f5 cxd4 16. Nxd4 Ne5 17.
Nh6+ Kh8 18. fxg6 hxg6 19. Ndf5 Bf6 20. Ng4 Nxg4 21. Qxg4 Rad8 22. Qh3+ Kg8 23.
Nh6+ Kg7 24. Rxf6 exf6 25. Ng4 Qe7 26. Qh6+ Kg8 27. Qh4 Rd6 28. Rf1 Nd7 29. e5
Nxe5 30. Nxf6+ Rxf6 31. Rxf6 Bxg2 32. Kxg2 Qb7+ 33. Kh3 Qd7+ 34. Kg2 Qd5+ 35.
Kh3 1/2-1/2

[Event "34. Bayerische Senioren EM"]
[Site "Bergen im Chiemgau"]
[Date "2024.05.30"]
[Round "3.5"]
[White "Jagdhuber, Hans"]
[Black "Beutelhoff, Josef"]
[Result "1/2-1/2"]
[BlackElo "2032"]
[BlackTeam "SF Olfen"]
[EventDate "2024.??.??"]
[PlyCount "30"]
[WhiteElo "1928"]
[WhiteTeam "SK Rochade Augsburg"]

1. c4 Nf6 2. Nc3 e5 3. Nf3 Nc6 4. e3 d6 5. d4 exd4 6. exd4 Be7 7. Be2 O-O 8. O-O
d5 9. c5 Ne4 10. Be3 Nxc3 11. bxc3 Na5 12. Nd2 b6 13. Nb3 Nxb3 14. axb3 bxc5
15. dxc5 c6  1/2-1/2

[Event "34. Bayerische Senioren EM"]
[Site "Bergen im Chiemgau"]
[Date "2024.05.30"]
[Round "3.6"]
[White "Taube, Hubertus"]
[Black "Christen, Pierre"]
[Result "0-1"]
[WhiteElo "2011"]
[BlackElo "1928"]
[PlyCount "120"]
[EventDate "2024.??.??"]
[WhiteTeam "SK Neuperlach"]
[BlackTeam "IGS Trier"]

{[%evp 0,118,32,24,20,-7,30,30,45,4,75,50,27,19,11,23,36,-20,-19,-43,-16,-28,
-30,-21,-24,-21,-33,-33,-29,-35,-27,-39,-60,-54,-15,-34,-34,-46,-40,-55,-90,
-76,-63,-93,-74,-104,-60,-73,-54,-69,-35,-105,-32,-82,-86,-125,-84,-151,-44,
-37,-26,-26,-26,-26,-23,-31,-24,-11,-2,-1,-1,-2,-1,7,0,-13,0,-9,-9,-42,-16,-47,
-45,-96,-103,-108,-108,-96,-96,-116,-130,-152,-149,-149,-175,-191,-191,-208,
-175,-241,-289,-332,-383,-301,-434,-484,-557,-740,-484,-591,-632,-632,-613,
-641,-956,-981,-1092,-1178,-1417,-1420,-1585]} 1. d4 d5 2. c4 c6 3. Nf3 Nf6 4.
Nc3 a6 5. cxd5 cxd5 6. Bg5 Ne4 7. Bh4 Qa5 8. Qc1 Nc6 9. e3 Bf5 10. Be2 Nxc3 11.
bxc3 e6 12. O-O Ba3 13. Qd2 b5 14. Ne1 O-O 15. g4 Bg6 16. f4 f5 17. Nd3 Rac8
18. Rab1 Qb6 19. Rb3 Bd6 20. Ne5 Bxe5 21. fxe5 Na5 22. Rbb1 Nc4 23. Bxc4 Rxc4
24. Be7 Rfc8 25. Rbc1 Qa5 26. Bb4 Qd8 27. Qg2 Qg5 28. Rce1 Ra8 29. gxf5 Qxg2+
30. Kxg2 Bxf5 31. Rc1 g5 32. Kg3 Rc7 33. Ra1 Rf7 34. a4 Bd3 35. Rxf7 Kxf7 36.
axb5 Bxb5 37. Ra2 Bd3 38. Rd2 Bf5 39. Rb2 h5 40. Bd6 a5 41. Rb8 Rxb8 42. Bxb8
a4 43. Bd6 Kg6 44. Kf3 h4 45. Ba3 g4+ 46. Kf2 Be4 47. Bc1 Kf5 48. Ba3 Bf3 49.
h3 Ke4 50. hxg4 Bxg4 51. Be7 Kd3 52. Bb4 Kc4 53. Kg2 Bf5 54. Kf3 Kb3 55. Kf4 a3
56. Bxa3 Kxa3 57. c4 h3 58. Kg3 dxc4 59. d5 exd5 60. e4 dxe4 0-1

[Event "34. Bayerische Senioren EM"]
[Site "Bergen im Chiemgau"]
[Date "2024.05.30"]
[Round "3.7"]
[White "Waltenberger, Udo"]
[Black "Pieper, Thomas"]
[Result "1/2-1/2"]
[WhiteElo "1993"]
[BlackElo "2170"]
[PlyCount "144"]
[EventDate "2024.??.??"]
[WhiteTeam "SV Eiche Reichenbrand"]
[BlackTeam "SC Gröbenzell"]

{[%evp 0,129,32,21,27,-7,16,23,16,1,10,4,27,15,21,18,54,54,56,2,16,-7,1,-6,-5,
-52,-14,-8,2,-102,-51,-56,87,87,80,67,70,70,69,48,49,47,53,31,59,65,63,37,37,
54,52,-7,-7,-44,-39,-42,-31,0,26,21,0,0,18,19,68,82,63,63,71,26,-2,21,103,104,
142,131,199,160,177,212,224,153,220,219,277,234,279,223,186,219,232,235,293,
275,272,283,273,294,272,302,309,318,318,286,288,300,288,251,310,262,240,221,
227,195,190,195,190,240,355,349,398,255,264,232,341,380,394,413,1289,578,1016,
24]} 1. Nf3 Nf6 2. g3 g6 3. c4 Bg7 4. Bg2 O-O 5. O-O c5 6. Nc3 Nc6 7. d4 d6 8.
d5 Na5 9. Nd2 e6 10. Qc2 Re8 11. Re1 Rb8 12. a4 exd5 13. cxd5 a6 14. b3 Bf5 15.
e4 b5 16. axb5 axb5 17. Bb2 Bd7 18. Ne2 b4 19. h3 Bb5 20. Nf4 Nd7 21. Bxg7 Kxg7
22. Bf1 Bxf1 23. Kxf1 h5 24. Nd3 Ra8 25. Nb2 Qf6 26. Na4 h4 27. Kg2 Rh8 28. Qb2
Qxb2 29. Nxb2 hxg3 30. Kxg3 Nb6 31. Rec1 Nxb3 32. Nxb3 Ra3 33. Rxa3 bxa3 34.
Nc4 Nxc4 35. Rxc4 Rb8 36. Nc1 Rb1 37. Kf3 Ra1 38. Ke3 g5 39. Kd2 Rb1 40. Rc2
Rb2 41. Kc3 Rb1 42. Nd3 Ra1 43. Kb3 Rh1 44. Ra2 Rxh3 45. Kc3 Rh4 46. Rxa3 Rxe4
47. Ra6 c4 48. Nb2 Rf4 49. Nd1 Rf6 50. Kxc4 Kg6 51. Kd4 Kf5 52. Ne3+ Kg6 53.
Ra2 g4 54. Ng2 Kg5 55. Rd2 Rh6 56. Ne3 f5 57. Nc4 Kf4 58. Rd3 Rg6 59. Re3 Rh6
60. Nb2 Kg5 61. Re6 Rh2 62. Nd3 f4 63. Ke4 g3 64. fxg3 fxg3 65. Kf3 Rd2 66. Nf4
Rf2+ 67. Kxg3 Rxf4 68. Rxd6 Ra4 69. Kf3 Kf5 70. Re6 Rd4 71. Rh6 Rd3+ 72. Ke2
Rxd5 1/2-1/2